[Event "Asian Continental-ch Open 2019"]
[Site "XingTai"]
[Date "2019.06.15"]
[Round "9.10"]
[White "Nihal Sarin"]
[Black "Yakubboev, Nodirbek"]
[Result "1-0"]
[WhiteElo "2606"]
[BlackElo "2587"]
[Annotator "TA"]
[PlyCount "99"]
[EventDate "2019.06.06"]
[EventType "swiss"]
[EventCountry "CHN"]
[SourceTitle "playchess.com"]
[Source "ChessBase"]
[SourceQuality "1"]

{[%evp 9,99,2,31,15,22,19,16,10,25,0,23,11,16,0,-7,-16,0,0,0,0,0,0,0,0,0,0,0,0,0,0,0,-44,-52,-43,-43,-72,-77,-77,-66,-77,-80,-85,-79,-108,-115,-181,-124,-124,-140,-136,-131,-155,-160,-158,-50,-148,0,0,0,-82,-86,-154,-102,-129,0,0,296,300,307,307,312,297,262,294,640,649,555,544,528,515,733,855,824,772,742,746,1116,1034,3037,2778,2207,1957]} 1. d4 Nf6 2. Bf4 d5 3. e3 c5 4. dxc5 (4. c3 Nc6 5. Nd2 Qb6 6. Qb3 Nh5 7. Qxb6 axb6 8. Bc7 cxd4 9. exd4 e5 10. Bxe5 Nxe5 11. dxe5 Bc5 12. g3 O-O {1-0 (76) Aronian,L (2765)-Caruana,F (2832) London 2018}) 4... Qa5+ 5. Nc3 Bd7 $146 ({Predecessor:} 5... Qxc5 6. Nb5 Na6 7. c3 Bd7 8. a4 g6 9. Qd4 Qxd4 10. exd4 Bg7 11. Nf3 O-O {1-0 (33) Gareyev,T (2569)-Hirneise,T (2464) St Petersburg 2018}) 6. a3 {Black must now prevent b4. D00: 1 d4 d5: Unusual lines} Qxc5 7. Nf3 e6 8. Bd3 {The position is equal.} Bd6 9. Bg5 Ng4 10. O-O Ne5 11. Bf4 Nbc6 12. e4 Nxf3+ 13. Qxf3 Bxf4 $1 14. Qxf4 d4 $1 {[%cal Rd4c3]} 15. Ne2 e5 16. Qg3 O-O 17. f4 f6 18. b4 Qd6 19. Rad1 Be6 20. Kh1 Rad8 21. f5 Bf7 22. Qh4 a5 23. b5 Nb8 {[%cal Bc6b8,Bb8d7,Bd7c5][%mdl 32]} 24. g4 h6 ({Much weaker is} 24... Qxa3 $6 25. g5 $11) 25. Qg3 Qxa3 26. h4 Qe7 27. Rf2 (27. Ra1 $17) 27... Rd6 (27... Nd7 $19 28. g5 fxg5) 28. Ng1 Nd7 29. Nf3 Kh8 30. Rg1 Nc5 31. g5 {gxh6 is the strong threat.} Bh5 (31... Rg8 $17 32. Rfg2 a4) 32. Nd2 ({White should try} 32. Rfg2 $15) 32... a4 (32... Nxd3 $17 33. cxd3 Rb6) 33. gxh6 $11 gxh6 34. Be2 (34. Bc4 $11 {remains equal.}) 34... Bxe2 $17 35. Rxe2 Rdd8 (35... d3 $142 36. Qe3 {[%mdl 64] Double Attack} Rdd8) 36. Reg2 Qh7 (36... d3 $17 37. c4 a3) 37. Qf3 $11 h5 $2 {[%mdl 8192]} (37... Rg8 $11 38. Qh5 Rxg2 39. Rxg2 d3) 38. Rg6 $1 $18 Rg8 {[#]} 39. Nc4 $1 Rxg6 40. fxg6 {[%mdl 64] Discovered Attack} Qg7 {[#]} 41. Nb6 $1 ({Worse is} 41. Qxh5+ Kg8 $11) 41... Ne6 $2 (41... Rf8 42. Qxh5+ Kg8) 42. Qxh5+ {White is clearly winning.} Kg8 {Strongly threatening ...Nf4.} 43. Nd5 {aiming for Qf5!} Rf8 44. Qf5 Nf4 45. Nxf4 exf4 46. Qe6+ Kh8 47. h5 Ra8 48. Rg2 f3 49. Rg3 {Intending h6 and mate.} f2 50. Kg2 {Accuracy: White = 65%, Black = 54%.} 1-0

[Event "Asian Continental-ch Open 2019"]
[Site "XingTai"]
[Date "2019.06.15"]
[Round "9.11"]
[White "Xu, Yinglun"]
[Black "Aravindh, Chithambaram VR."]
[Result "1/2-1/2"]
[WhiteElo "2548"]
[BlackElo "2598"]
[Annotator "TA"]
[PlyCount "119"]
[EventDate "2019.06.06"]
[EventType "swiss"]
[EventCountry "CHN"]
[SourceTitle "playchess.com"]
[Source "ChessBase"]
[SourceQuality "1"]

{[%evp 20,119,1,0,0,0,0,0,37,37,37,34,36,37,37,36,28,0,0,0,0,0,0,0,0,0,0,0,0,-14,0,0,0,0,0,0,0,0,0,0,0,0,0,0,0,0,0,0,0,0,0,0,0,0,0,0,0,0,0,0,0,0,0,0,0,0,0,0,0,0,0,0,0,0,0,0,0,0,0,0,0,0,0,0,0,0,0,0,0,0,0,0,0,-6,-6,-6,-6,-6,-6,-6,-6,-6]} 1. d4 Nf6 2. c4 a6 3. Nc3 c5 4. e3 e6 5. Nf3 d5 6. dxc5 Bxc5 7. a3 O-O 8. b4 Ba7 9. Bb2 Nc6 10. Be2 dxc4 11. Bxc4 Qxd1+ {D40: Queen's Gambit Declined: Semi-Tarrasch with 5 e3} 12. Rxd1 b5 13. Bd3 Bb7 14. Ne4 Nxe4 15. Bxe4 {[#] aiming for Rd7.} Rfd8 16. Ke2 f6 17. Rxd8+ Rxd8 {[#]} 18. Rd1 $146 (18. Rc1 {is interesting.} Rc8 19. Nd2 Nd8 20. Rxc8 Bxc8 21. Kd3) ({Predecessor:} 18. Rc1 Rd6 19. g4 {1-0 (69) Kovalenko,I (2572)-Lojko,A (2215) Sochi 2012}) 18... Rxd1 {The position is equal.} 19. Kxd1 e5 20. Nd2 Nd8 21. g4 Kf7 22. Ke2 ({Avoid the trap} 22. Bxh7 $2 g6 $19) 22... Bxe4 23. Nxe4 $11 {[%mdl 4096] Endgame KBN-KBN} Ke6 24. h3 Nb7 25. Kd3 Bb8 26. Bc3 Bd6 27. Be1 Be7 28. f3 Kd5 29. Nc3+ Kc6 30. e4 Nd6 31. Nd5 Bd8 32. Bf2 Nc4 33. Bc5 Kd7 34. Ne3 Nb2+ 35. Kc2 Na4 36. Bf8 g6 37. Nd5 Ke6 38. Bh6 (38. Bg7 {seems wilder.} Kf7 39. Bh8 g5 40. Kb3 Ke6 41. Bg7) 38... Nb6 39. Nxb6 Bxb6 {KB-KB} 40. Bd2 f5 41. Kb3 Bf2 42. Bg5 Bb6 43. a4 Bf2 44. axb5 axb5 45. Kc3 Be1+ 46. Kb3 Bg3 47. Kc3 Bf2 48. Kb3 Be1 49. Ka3 Bg3 50. Kb3 fxg4 51. fxg4 Bf4 52. Bd8 Bd2 53. Bc7 h5 54. gxh5 gxh5 55. Bd8 Be1 56. h4 Bd2 57. Ka3 Bh6 58. Kb3 Kd7 59. Bf6 Kd6 60. Ka3 {Accuracy: White = 81%, Black = 89%.} 1/2-1/2

[Event "Asian Continental-ch Open 2019"]
[Site "XingTai"]
[Date "2019.06.15"]
[Round "9.12"]
[White "Erigaisi Arjun"]
[Black "Xu, Xiangyu"]
[Result "1/2-1/2"]
[WhiteElo "2526"]
[BlackElo "2583"]
[Annotator "TA"]
[PlyCount "32"]
[EventDate "2019.06.06"]
[EventType "swiss"]
[EventCountry "CHN"]
[SourceTitle "playchess.com"]
[Source "ChessBase"]
[SourceQuality "1"]

{[%evp 15,30,16,13,11,7,3,13,0,-3,0,3,2,1,-22,0,-8,-6]} 1. Nf3 g6 2. d4 Nf6 3. c4 Bg7 4. g3 d5 5. cxd5 Nxd5 6. Bg2 Nb6 7. Nc3 Nc6 8. e3 e5 {[%cal Re5d4] The position is equal.} 9. d5 {D71: Fianchetto Grünfeld: 3 g3 d5 sidelines and 5 cxd5 (without Nf3)} Ne7 {[%cal Re7d5,Bc6e7,Be7g8,Bg8h6,Bh6f7][%mdl 32]} 10. e4 c6 {[%cal Rc6d5]} 11. d6 Ng8 12. b3 f6 13. Ba3 Nh6 14. Qd3 Nf7 15. O-O Be6 {[#]} {Predecessor:} 16. Rad1 $146 Qd7 {1-0 (57) Maletin,P (2568)-Morozevich,A (2762) Apatity 2011} 1/2-1/2

[Event "Asian Continental-ch Open 2019"]
[Site "XingTai"]
[Date "2019.06.15"]
[Round "9.13"]
[White "Xu, Yi"]
[Black "Vaibhav, Suri"]
[Result "1/2-1/2"]
[WhiteElo "2526"]
[BlackElo "2599"]
[Annotator "TA"]
[PlyCount "92"]
[EventDate "2019.06.06"]
[EventType "swiss"]
[EventCountry "CHN"]
[SourceTitle "playchess.com"]
[Source "ChessBase"]
[SourceQuality "1"]

{[%evp 9,92,0,20,18,22,23,25,19,20,10,22,0,35,0,0,0,0,-5,-5,-4,0,0,-9,-10,-14,-21,-21,-21,-21,-21,-21,-21,-21,-21,-21,-21,-21,-21,-21,-21,-21,-21,-21,-25,-25,-21,-18,-18,-22,-25,-18,-18,-18,-18,-18,-18,-18,-18,-18,-18,-18,-18,-11,-18,-18,-18,-18,-18,-18,-18,0,-18,-18,-18,-18,-18,-18,-18,-18,-18,-18,-18,-18,-18,-18]} 1. e4 c6 2. d4 d5 3. e5 c5 4. dxc5 e6 5. a3 Nc6 6. Nf3 $1 {B12: Caro-Kann: Advance Variation} Bxc5 7. Bd3 (7. b4 Bb6 8. Bd3 f6 9. Bb2 fxe5 10. Nxe5 Nf6 11. O-O O-O 12. Nd2 {½-½ (59) Rapport,R (2739)-Ponomariov,R (2682) Hengshui 2019}) 7... Qc7 8. Bf4 {White has an edge.} Nge7 9. Bg3 Ng6 {[%cal Rg6e5]} 10. Qe2 O-O $146 ({Predecessor:} 10... Bd7 11. Nbd2 Nd4 12. Nxd4 Bxd4 13. c3 Bb6 14. O-O O-O 15. Qh5 Qd8 16. Nf3 f5 17. exf6 Qxf6 18. Be5 {1-0 (18) Gergacz,A (2425)-Ennsberger,U (2365) Austria 2011}) 11. O-O Nd4 12. Nxd4 Bxd4 13. Bxg6 fxg6 14. c3 $1 {[%cal Rc3d4]} Bb6 15. Nd2 Bd7 16. Nf3 Rac8 17. Rfd1 Qc4 18. Qxc4 Rxc4 19. Nd4 g5 20. f3 Ba4 21. Rd2 Bxd4+ 22. Rxd4 Rxd4 23. cxd4 $11 {[%mdl 4096] Endgame KRB-KRB} Rc8 24. Be1 Rc2 25. Bc3 Kf7 26. Rf1 Bb5 27. Rd1 Kg6 28. Rd2 Rc1+ 29. Kf2 h5 30. h3 {The position is equal.} h4 31. Ke3 Kf5 32. Rf2 Rg1 33. Rd2 Re1+ 34. Kf2 Rh1 {[#] White must now prevent ...Kf4.} (34... Rf1+ {is more complex.} 35. Ke3 Bc4 36. Bb4 a6 37. Rc2 Rb1) 35. Ke3 b6 36. Rc2 a5 37. Rd2 Re1+ 38. Kf2 Rf1+ 39. Ke3 Re1+ 40. Kf2 Rc1 41. Ke3 Bf1 42. Rf2 Rd1 {[%csl Gf1][%cal Rd1d3] [#]} 43. Rc2 Bc4 44. Rd2 Rc1 45. Rf2 Rg1 46. Rd2 Re1+ {Accuracy: White = 82%, Black = 70%.} 1/2-1/2

[Event "Asian Continental-ch Open 2019"]
[Site "XingTai"]
[Date "2019.06.15"]
[Round "9.14"]
[White "Vignesh N R"]
[Black "Zeng, Chongsheng"]
[Result "1-0"]
[WhiteElo "2459"]
[BlackElo "2561"]
[Annotator "TA"]
[PlyCount "119"]
[EventDate "2019.06.06"]
[EventType "swiss"]
[EventCountry "CHN"]
[SourceTitle "playchess.com"]
[Source "ChessBase"]
[SourceQuality "1"]

{[%evp 16,119,34,19,59,61,72,76,68,56,52,50,50,21,16,18,16,15,14,17,22,5,21,12,17,2,14,16,41,38,40,16,16,0,80,74,53,60,79,75,70,85,66,36,38,29,177,186,183,166,185,170,165,62,141,142,215,168,304,293,308,304,304,301,299,292,277,283,288,290,270,283,648,650,575,638,648,643,633,622,610,589,525,502,441,425,6645,7039,6103,4134,29974,29975,29979,29979,29977,29980,29982,29983,29986,29987,29987,29988,29988,29989,29989,29990]} 1. e4 c5 2. Nf3 Nc6 3. Nc3 e6 4. d4 cxd4 5. Nxd4 Qc7 6. Be3 a6 7. Qd2 Nf6 8. f4 d6 9. Be2 Na5 {B84: Sicilian Scheveningen: 6 Be2 a6, lines without early Be3} 10. O-O-O Nc4 11. Bxc4 Qxc4 {White is better.} 12. e5 Nd5 13. Nxd5 Qxd5 {[#]} 14. Nb3 $146 (14. exd6 {feels hotter.} Bxd6 15. Qc3 Qe4 16. Kb1 O-O 17. Rhe1) ({Predecessor:} 14. Kb1 Bd7 15. Qf2 dxe5 16. Nf3 Qb5 17. Nxe5 {½-½ (74) Kulaots,K (2562)-Leito,P (2333) Puhajarve 2017}) 14... Qxd2+ 15. Rxd2 dxe5 16. Rhd1 {Hoping for Rd8+.} Be7 17. fxe5 b6 18. Kb1 Rb8 19. g3 h5 20. h4 O-O 21. Rd3 Kh7 22. a4 a5 23. Kc1 Kg6 24. Rc3 Bd8 (24... Re8 $11) 25. Nd4 $16 Bb7 26. Ne2 Bf3 27. Nf4+ Kh7 28. Rd7 Bg4 29. Kb1 f6 30. Bd4 $36 {[%mdl 2048] Strongly threatening Rc6. White is pushing.} Kh6 (30... Kg8 $1 $11) 31. Rc6 $18 Re8 32. exf6 gxf6 33. Be3 e5 34. Nd5+ Kg6 35. Rdd6 {[%cal Rd5f6]} Kf5 (35... Rf8 $16) 36. Bxb6 {[%cal Rd6f6] Threatening mate with Rxf6+.} Bf3 {[#]} (36... Rf8 $142 37. Ba7 Ra8) 37. Ne3+ $1 Kg6 {[#]} 38. Bxd8 $1 Bxc6 39. Rxf6+ Kg7 {...Be4 is the strong threat.} 40. Nf5+ (40. Rxc6 Rbxd8 41. b3 Kf7 $14) 40... Kg8 41. Bc7 ({Stronger than} 41. Rxc6 Rbxd8 42. Kc1 e4 $11) ({Not} 41. Bxa5 Bxa4 42. Bc3 Rbd8 $16) 41... Bxa4 42. Bxb8 Rxb8 {[%mdl 4096] Endgame KRB-KRN} 43. Re6 Re8 $2 (43... Rb5 44. b3 Kf7) 44. Rxe8+ Bxe8 {KB-KN} 45. Nd6 Bg6 46. Nc4 e4 47. Kc1 a4 48. Kd2 Kg7 49. Ke3 Kf6 50. Nb6 Kf5 (50... Be8 $142 51. Kf4 (51. Kxe4 Bg6+ 52. Kd4 Bxc2 $18) 51... Ke6) 51. Nxa4 Kg4 52. Nc5 Kxg3 53. b4 {[%cal Bb2b4,Bb4b5][%mdl 32] White mates.} Be8 54. Nxe4+ Kxh4 55. c4 Bc6 56. b5 Ba8 57. c5 Kg4 58. c6 h4 59. c7 Bb7 60. Nd6 {Accuracy: White = 83%, Black = 40%.} 1-0

[Event "Asian Continental-ch Open 2019"]
[Site "XingTai"]
[Date "2019.06.15"]
[Round "9.15"]
[White "Chanda, Sandipan"]
[Black "Zhao, Chenxi"]
[Result "1-0"]
[WhiteElo "2511"]
[BlackElo "2383"]
[Annotator "TA"]
[PlyCount "103"]
[EventDate "2019.06.06"]
[EventType "swiss"]
[EventCountry "CHN"]
[SourceTitle "playchess.com"]
[Source "ChessBase"]
[SourceQuality "1"]

{[%evp 14,103,18,10,21,19,13,-48,26,39,58,38,50,39,43,44,39,43,50,53,57,39,43,24,38,24,35,29,35,0,85,90,92,89,85,82,93,85,112,115,111,109,108,108,113,95,122,93,127,112,115,64,63,71,74,74,85,107,99,77,102,108,198,196,810,241,646,555,541,510,817,834,1039,1014,1089,1088,1040,1029,29968,5181,29974,29975,29974,29975,29976,29976,29977,29978,29977,29977,29977,29977]} 1. d4 Nf6 2. Nf3 g6 3. Nbd2 Bg7 4. e4 d6 5. Be2 O-O 6. O-O b6 7. c3 Bb7 8. Qc2 Nbd7 {B07: Pirc Defence: Miscellaneous Systems} (8... c5 9. d5 Re8 10. Rd1 Qc7 11. Nc4 Nbd7 12. a4 h6 13. a5 b5 14. a6 Bxd5 15. exd5 bxc4 16. Bxc4 {0-1 (36) Bistric,F (2474)-Morovic Fernandez,I (2611) Pula 2000}) 9. e5 Nd5 $146 {[%cal Rd6e5]} ({Predecessor:} 9... dxe5 10. dxe5 Nd5 11. Nc4 c5 12. Rd1 Qc7 13. Ne3 Nf4 14. Ng4 Nxe2+ 15. Qxe2 Bxf3 16. Qxf3 {0-1 (41) Wanka,G (1644)-Krotofil,K (1954) Buesum 2014}) 10. e6 (10. Nc4 $11) 10... fxe6 (10... Nf4 $1 $15 11. exf7+ Rxf7) 11. Ng5 $11 Nf4 {[%mdl 64] Double Attack} 12. Ndf3 Nxe2+ 13. Qxe2 e5 14. Ne6 {[%mdl 64] Double Attack} Bxf3 15. gxf3 Qc8 16. Nxf8 Nxf8 17. dxe5 Bxe5 18. Qc4+ Kg7 19. Qh4 Bf6 20. Bg5 Bxg5 21. Qxg5 e5 (21... Qd7 $11 {remains equal.}) 22. f4 $1 $16 {[%cal Rf4e5]} Ne6 23. Qe7+ Kg8 24. fxe5 Nf4 {( -> ...Qg4+)} 25. e6 Qxe6 26. Qxe6+ Nxe6 {[%mdl 4096] Endgame KRR-KRN} 27. Rfe1 Kf7 28. Re4 Ng7 29. a4 a5 30. b4 Nf5 31. Rc4 c5 32. Re4 (32. bxc5 $1 $16 d5 33. Rg4 bxc5 34. Rb1) 32... axb4 $14 33. cxb4 Nd4 34. a5 d5 35. Rf4+ Kg7 {Threatens to win with ...Ne2+.} 36. Ra2 Nc6 37. Re2 g5 {[#]} (37... bxa5 $16 38. bxc5 a4) 38. Rf5 $1 $18 Nxb4 $2 {[#]} (38... bxa5 39. bxc5 (39. Rxg5+ Kf6 $14) 39... Kg6 40. Rxd5 Nb4) 39. axb6 $2 (39. Re7+ $1 Kg6 40. Ref7) 39... Kg6 $2 (39... Rb8 40. Re6 (40. Rxg5+ Kf7 $16) 40... c4) 40. Rf3 g4 41. Re6+ Kg5 (41... Kg7 $142) 42. Rf7 Nd3 43. b7 Ra1+ 44. Kg2 Rb1 45. Re8 Nf4+ {[#]} 46. Rxf4 $1 {[%mdl 576] Promotion} Kxf4 47. b8=Q+ {White mates.} Rxb8 48. Rxb8 {KR-KP} Ke4 49. Kf1 Kd3 50. Ke1 c4 51. Kd1 d4 52. Rh8 {Accuracy: White = 67%, Black = 35%.} 1-0

[Event "Asian Continental-ch Open 2019"]
[Site "XingTai"]
[Date "2019.06.15"]
[Round "9.16"]
[White "Laylo, Darwin"]
[Black "Karthik Venkataraman"]
[Result "1/2-1/2"]
[WhiteElo "2433"]
[BlackElo "2499"]
[Annotator "TA"]
[PlyCount "66"]
[EventDate "2019.06.06"]
[EventType "swiss"]
[EventCountry "CHN"]
[SourceTitle "playchess.com"]
[Source "ChessBase"]
[SourceQuality "1"]

{[%evp 18,66,16,0,0,0,4,-25,-34,-9,0,0,0,0,4,-6,-7,-29,-29,-27,-25,-30,-27,-25,-25,-27,-17,-32,-27,-31,-31,-41,0,0,0,-7,0,0,0,0,0,0,0,0,0,0,0,0,0,0,0]} 1. d4 Nf6 2. c4 g6 3. Nc3 d5 4. cxd5 Nxd5 5. e4 Nxc3 6. bxc3 Bg7 7. Bb5+ c6 8. Ba4 b5 9. Bb3 b4 10. Ne2 bxc3 {D85: Exchange Grünfeld: Unusual White 7th moves and lines with 7 Nf3} 11. Be3 O-O (11... Ba6 12. Rc1 Nd7 13. e5 Qa5 14. Qc2 c5 15. f4 cxd4 16. Nxd4 Rc8 17. Ba4 Rc4 18. Bxd7+ Kxd7 19. Nb3 Qc7 20. Qd3+ Kc8 21. Nc5 {1-0 (39) Beliavsky,A (2615)-Tukmakov,V (2595) Bled 1996}) 12. O-O Ba6 {Black has an edge.} 13. Re1 Qa5 14. Rc1 Bxe2 15. Qxe2 Nd7 16. Qc4 c5 {White must now prevent ...cxd4.} 17. dxc5 (17. e5 {looks sharper.} cxd4 18. Bxd4 Rac8 19. Bxc3 Rxc4 20. Bxa5 Rxc1 21. Rxc1 Nxe5 22. Rc7) 17... Rac8 {[%cal Rd7c5]} 18. Bd4 $146 {[%cal Rd4g7] With the idea Bxg7.} ({Predecessor:} 18. Red1 Nxc5 {0-1 (30) Toth,M (2062)-Hevesi,Z (2163) Hungary 2004}) 18... Bxd4 19. Qxd4 Nxc5 20. Qxc3 Nxb3 21. Qxb3 Rfd8 22. h3 Rb8 23. Qe3 Rb2 24. Rc5 Qd2 (24... Qb6 {seems wilder.} 25. a3 Rdd2 26. Qc3 Qf6 27. Qxf6 exf6 28. Rf1 Re2) 25. Rd5 $1 {[%cal Rd5d2] The position is equal.} Rxd5 26. exd5 Rxa2 {Strongly threatening ...Qxe3.} 27. Qxd2 Rxd2 28. Rxe7 $11 {[%mdl 4096] Endgame KR-KR} a5 29. Rd7 $1 Kg7 30. d6 Kf6 31. Ra7 Rd5 32. Kf1 Ke6 33. d7 Rxd7 {Accuracy: White = 66%, Black = 61%.} 1/2-1/2

[Event "Asian Continental-ch Open 2019"]
[Site "XingTai"]
[Date "2019.06.15"]
[Round "9.17"]
[White "Praggnanandhaa R"]
[Black "Zhang, Ziji"]
[Result "1/2-1/2"]
[WhiteElo "2537"]
[BlackElo "2408"]
[Annotator "TA"]
[PlyCount "88"]
[EventDate "2019.06.06"]
[EventType "swiss"]
[EventCountry "CHN"]
[SourceTitle "playchess.com"]
[Source "ChessBase"]
[SourceQuality "1"]

{[%evp 18,88,0,-9,0,0,2,0,0,0,0,0,14,14,17,0,0,-4,0,-12,0,0,0,-20,8,5,10,0,0,0,0,0,34,34,27,22,36,3,5,0,8,9,8,9,16,1,6,0,24,0,2,2,33,28,28,12,30,19,22,12,18,8,11,0,5,0,6,0,0,0,0,0,0]} 1. Nf3 d5 2. g3 c6 3. Bg2 Nf6 4. O-O Bf5 5. d3 e6 6. Nbd2 h6 7. b3 Be7 8. Bb2 O-O 9. c4 Nbd7 10. a3 Bh7 {A12: English Opening: 1...c6 with b3 by White} (10... a5 11. Qb1 Bh7 12. b4 axb4 13. axb4 Qb6 14. Bc3 Rxa1 15. Qxa1 Bxb4 16. Bxb4 Qxb4 17. Rb1 Qd6 18. Rxb7 e5 {1-0 (33) Rapport,R (2702)-Carlsen,M (2840) Wijk aan Zee 2017}) 11. b4 a5 12. Qb3 Qb6 {[%cal Ra5b4]} 13. Bc3 axb4 14. axb4 Rfb8 $146 ({Predecessor:} 14... Rfd8 15. Qb2 Ne8 16. Ra2 Rxa2 17. Qxa2 Bf6 18. Bxf6 Nexf6 19. Bh3 Bg6 20. b5 cxb5 21. Rb1 Qa6 22. Qxa6 bxa6 23. cxb5 axb5 {½-½ (23) Roa Alonso,S (2457)-Candela Perez,J (2402) San Sebastian 2008}) 15. Qb2 Qd8 16. cxd5 cxd5 17. Nb3 Rxa1 18. Rxa1 Ne8 19. b5 Ra8 20. h3 Bf6 21. Bxf6 Ndxf6 22. Ne5 Rxa1+ 23. Qxa1 Nd6 24. Nd4 Nd7 25. Nxd7 Qxd7 26. b6 Bg6 27. Nf3 f6 28. Nd4 Bf7 29. Qa8+ Qc8 30. Qa3 Qd8 31. Qa7 Qc8 32. Qa3 Qd8 33. Qa7 Qc8 34. Nb3 Bh5 35. Qa3 Qd8 36. Nc5 Qc8 37. e4 Bf7 $1 {The position is equal.} 38. Qa5 Qc6 39. Kh2 Nc8 40. exd5 exd5 41. Na4 Kh7 42. Qc5 Qxc5 43. Nxc5 Nxb6 44. Nxb7 Kg8 {Accuracy: White = 44%, Black = 57%.} 1/2-1/2